000
00268nam a22001217a 4500
082
_a
537 SMY'S
100
_a
SMYTHE, W.R
_9
77999
245
_a
STATIC AND DYNAMIC ELECTRICITY
250
_a
3RD
260
_a
NEWYORK
_b
MCGRAW HILL
_c
1968
300
_a
623P
942
_c
BK
999
_c
583161
_d
583161